000 00322nam a2200133Ia 4500
008 191201s2010 xx 000 0 und d
100 _aMAHESHWARI,S.N
245 0 _aIntroduction to Accountancy
250 _aRep
260 _aN. Delhi
_bVikas Publication House
_c2010
300 _aMISC
650 _aBBA
942 _2ddc
_cBK
999 _c4539
_d4539